000 nam a22 7a 4500
999 _c7206
_d7206
008 170728b xxu||||| |||| 00| 0 eng d
100 _93782
_aMisra Giriswar
245 _aIntroduction to Psychology part II
260 _aNew Delhi
_bNational council of education